000 00504nam a2200217Ia 4500
003 OSt
005 20221005122753.0
006 a|||||r|||| 00| 0
007 ta
008 221004b |||||||| |||| 00| 0 eng d
024 _a118309
037 _cTextual
040 _aCRL
_cCRL
_beng
041 _2eng
_aeng
100 _aSastri C S R
_9632570
245 0 _aKarikavali
260 _c1923
650 _aHINDI LITERATURE
_923866
942 _cTEXL
_2cc
999 _c1045308
_d1045308